00657cam a22001457a 4500008004000000082001400040245017800054260003700232300001400269500008100283650002800364700001700392999001900409952008300428180718b1950 xxu||||| |||| 00| 0 eng d aDO96 C737 aChanging commonwealth: proceeding of the fourth unofficial commonwealth relations conference held at Bigwin Inn, Ontario, Canada, september 8-18, 1949cedited by F.H. Soward aTorontobOxford Universityc1950 axiv, 268p aIssued under the auspices of the Canadian Institute of International Affairs aCommonwealth of Nations aSoward, F.H. c424572d424572 00104070aIIPAbIIPAd2009-09-23oDO96 C737p623r2018-07-21w2018-07-21yBK